000 00709nam a2200241Ia 4500
003 OSt
005 20220930195107.0
006 a|||||r|||| 00| 0
007 ta
008 220926b |||||||| |||| 00| 0 hin d
024 _a13945
037 _cDissertations
040 _aCRL
_cCRL
_bhin
041 _2hin
_ahin
100 _aDhiman Aruna Kumari
_9528571
110 _aUniversity of Delhi. Faculty of Arts. Department of Hindi
245 0 _aKhootion par tange log
_b Samvedna aur shilp
260 _c1993
650 _aHINDI LITERATURE
_923866
700 _aUniversity of Delhi. Faculty of Arts. Department of Hindi
942 _cDIS
_2CC
999 _c898603
_d898603